00886nam a2200205 a 450000100100000000500170001000800410002704000250006808200150009310000270010824501420013526000380027730000200031549000350033571000330037070000280040383000410043195201910047299900170066300004625720250122110129.0150713s1983 dr 000 0 spa d aDO-SdBNPbspacBNPHU axxxxbxxxx1 aCordero, Margarita93910aNotas sobre la violación en la República Dominicana /credacción y análisis, Margarita Cordero ; investigación Mely Pappaterra. aSanto Domingo :bCIPAF,c[1983?]. a20 p. ;c19 cm.1 aEdiciones populares feministas12aCIPAF (Organización)9192912aPappaterra, Mely974277 0aEdiciones populares feministas99429 0010718PDaPDbPDcCTd2015-07-13iLF1l0oxxxx xxxxp46257-10r2020-06-25w2020-06-25yLFPDzPerteneció a la biblioteca personal de Chiqui Vicioso / Fidelio Despradel.ZNo se presta c45746d45746